000 01298nam a2200265 a 4500
008 120416s1983 ||||||||||||||||| || u
020 _a0801616204
050 _aRA 1141 Fol
100 _aDavies, Marilyn A
245 1 0 _aRape
246 _anursing care of victims
260 _aLondon
_bThe C.U. Mosby Co
_c1983
300 _axvi, 489p. : ill.
350 _a0.00
500 _aBibliography.
650 _aRape - Psychological aspects
650 _aRape victims - Counseling of
650 _aGynecologic nursing
650 _aRape victims - Medical care
700 _aFoley, Theresa S
995 _aANNEX COLLECTION (Main Library)
_D0.00
_e714063
_FCBU-MAIN LIBRARY (Kitwe)
_H2
_I21.00
_jRA 1141 Fol
_M2
_UAVAILABLE
_WApr 10, 2007
_y013125
_ZAnnex Low-Usage Collection
995 _aANNEX COLLECTION (Main Library)
_D0.00
_e714064
_FCBU-MAIN LIBRARY (Kitwe)
_H5
_I21.00
_jRA 1141 Fol
_M5
_UAVAILABLE
_WApr 10, 2007
_y013121
_ZAnnex Low-Usage Collection
995 _aANNEX COLLECTION (Main Library)
_D0.00
_e714065
_FCBU-MAIN LIBRARY (Kitwe)
_H4
_I21.00
_jRA 1141 Fol
_M4
_UAVAILABLE
_WApr 10, 2007
_y013122
_ZAnnex Low-Usage Collection
995 _aANNEX COLLECTION (Main Library)
_D0.00
_e721676
_FCBU-MAIN LIBRARY (Kitwe)
_H3
_I21.00
_jRA 1141 Fol
_M3
_UAVAILABLE
_WApr 10, 2007
_y013123
_ZAnnex Low-Usage Collection
999 _c79954
_d79954